| 000 | 00723nam a22002532a 4500 | ||
|---|---|---|---|
| 001 | 15947 | ||
| 003 | BD-RjUL | ||
| 005 | 20211208235923.0 | ||
| 008 | 140211s1969 nyua 001 0 eng u | ||
| 035 | _a(BD-RjUL)16002 | ||
| 040 |
_aCSU _dOCL _dUKM _dEQO _beng _cBD-RjUL |
||
| 041 | _aeng | ||
| 082 |
_a658.15 _218 _bFLM 1969 |
||
| 090 |
_aHG4026 _b.F55 |
||
| 100 | 1 |
_aFlink, Salomon J., _d1906- _949414 |
|
| 245 | 1 | 0 |
_aManagerial finance / _cby Salomon J. Flink . |
| 260 |
_aNew York : _bWiley, _c1969 |
||
| 300 |
_axiv, 639 p. : _billus. ; _c23 cm |
||
| 650 | 0 |
_aCorporations _xFinance _949415 |
|
| 650 | 0 |
_aSmall business _xFinance _946249 |
|
| 700 | 1 |
_aGrunewald, Donald. _912914 |
|
| 942 |
_2ddc _cBK |
||
| 999 |
_c15947 _d15947 |
||